01111 2200253 4500001002100000005001500021035002000036008004100056020002000097041000800117082001300125084001900138100001900157245005500176260003300231300003400264500002100298520039100319650004400710650001400754650003700768990002600805990002600831INLIS00000000000432020221101022155 a0010-0520004320221101 | | eng  a978-0198-29901- aeng a341.7582 a341.7582 FIC l0 aFicsor, Mihaly14aLaw of Copyright and The Internet /cMihaly Ficsor aNew York :bCambridge,c2002 ali , 792 hlm ; 25 cm ;c25 cm aIndeks : 781-792 aThis work looks at international treaty law pertaining to the Internet and E-commerce. It offers an article-by-article analysis of the two key World Intellectual Property Organization (WIPO) treaties on the subject: the WIPO Copyright Treaty and the WIPO Performances and Phonograms Treaty, both negotiated primarily as a response to the Internet and related techonological developments 4aWorld Itellectual Property Organization 4aCopyright 4aInternet . . Law and Legislation a07574/MKRI-P/XII-2007 a07574/MKRI-P/XII-2007